Ltuṅ bśags : (Record no. 89586)
[ view plain ]
| 000 -LEADER | |
|---|---|
| fixed length control field | 00965cam a22002531i 4500 |
| 001 - CONTROL NUMBER | |
| control field | sa 68020784 |
| 003 - CONTROL NUMBER IDENTIFIER | |
| control field | DLC |
| 005 - DATE AND TIME OF LATEST TRANSACTION | |
| control field | 20260227112727.0 |
| 008 - FIXED-LENGTH DATA ELEMENTS--GENERAL INFORMATION | |
| fixed length control field | 801203s1967 ii a 000 0 tibo |
| 010 ## - LIBRARY OF CONGRESS CONTROL NUMBER | |
| LC control number | sa 68020784 |
| 020 ## - INTERNATIONAL STANDARD BOOK NUMBER | |
| Terms of availability | Rs13.50 |
| 025 ## - OVERSEAS ACQUISITION NUMBER | |
| Overseas acquisition number | PL480: I-Tib-147 |
| 035 ## - SYSTEM CONTROL NUMBER | |
| System control number | (OCoLC)6992832 |
| 040 ## - CATALOGING SOURCE | |
| Original cataloging agency | DLC |
| Transcribing agency | InU |
| Modifying agency | DLC |
| 042 ## - AUTHENTICATION CODE | |
| Authentication code | premarc |
| 050 00 - LIBRARY OF CONGRESS CALL NUMBER | |
| Classification number | BQ7695 |
| Item number | .L75 |
| 130 0# - MAIN ENTRY--UNIFORM TITLE | |
| Uniform title | Smon lam rnam dgu |
| Form subheading | Selections. |
| 245 10 - TITLE STATEMENT | |
| Title | Ltuṅ bśags : |
| Remainder of title | Spyi bśags, Gtso rgyal ma, Bzaṅ spyod, Byams smon, Spyod ʼjug, Thog mthaʼ ma, Bde smon, Byams paʼi sku gzugs, Bde chen lhun grub, Bar doʼi gsol ʼdebs, Blo bzaṅ rgyas bstan ma, Rje Rin po cheʼi bstan pa daṅ mjal paʼi smon lam bcas bźugs so. |
| 260 ## - PUBLICATION, DISTRIBUTION, ETC. | |
| Place of publication, distribution, etc. | [Ldi-lli : |
| Name of publisher, distributor, etc. | Lha-dbaṅ-nor-bu daṅ Groṅ-rog-lha-mo, |
| Date of publication, distribution, etc. | 1967?] |
| 300 ## - PHYSICAL DESCRIPTION | |
| Extent | 134 p. : |
| Other physical details | ill. ; |
| Dimensions | 8 x 30 cm. |
| 500 ## - GENERAL NOTE | |
| General note | In Tibetan. |
| 650 #0 - SUBJECT ADDED ENTRY--TOPICAL TERM | |
| Topical term or geographic name entry element | Dge-lugs-pa (Sect) |
| Form subdivision | Prayers and devotions. |
| 650 #0 - SUBJECT ADDED ENTRY--TOPICAL TERM | |
| Topical term or geographic name entry element | Tibetan language |
| Form subdivision | Texts. |
No items available.